• 首页
  • 本馆介绍
  • 公告通知
  • 最新文献
  • 馆藏检索
  • 电子资源
  • 读者导购
  • 参考咨询
  • 我的图书馆
  • 登录
  • 详细信息显示
  • 放入我的书架
  • 预约/预借图书
  • 作者相关作品
  • 分类相关作品
  • 丛书相关作品
  • 出版社相关作品

书目信息

  • 表格格式
  • 工作单格式
  • 卡片格式
题名:
洪灵菲选集
    
 
作者: 洪灵菲 著
分册:  
出版信息: 北京   人民文学出版社  1982
页数: 282页
开本: 21cm
丛书名:
单 册:
中图分类: I246.7 , I217
科图分类:
主题词: 短篇小说--中国--现代--选集 , 文学--作品集--中国
电子资源:
ISBN:
000 00689nam0 2200265 45
001 0182009307
005 20040415103805.3
010    @dCNY0.91
091    @a10019.3239
100    @a19950523d1982 em y0chiy0121 ea
101 0  @achi
102    @aCN@b110000
105    @ay z 000ay
106    @ar
200 10 @a洪灵菲选集@Ahong ling fei xuan ji@f洪灵菲著
210    @a北京@c人民文学出版社@d1982
215    @a282页@d21cm
606    @a短篇小说@y中国@z现代@x选集
606 0  @a文学@x作品集@x中国
690    @aI246.7@v3
690    @aI217
701  0 @a洪灵菲@Ahong ling fei@4著
801  0 @aCN@b上海图书馆@c20040415
801  2 @aCN@bNLC@c20040415
905    @f2@b69200-201@dI217@e52
    
    洪灵菲选集/洪灵菲著.-北京:人民文学出版社,1982
    282页;21cm
    
    
    ISBN :CNY0.91
    
●
相关链接 在E读中查询图书 在五车中查询图书 在当当中查询图书 在豆瓣中查询图书


正题名:洪灵菲选集     索取号:I217/52         预约/预借

序号 登录号 条形码 馆藏地/架位号 状态 备注
1 0069200   001400898   密集书库/ [索取号:I217/52] 在馆    
2 0069201   001400905   第二借阅区/ [索取号:I217/52] 在馆    
3 0069202   001400914   第一样本阅览室/ [索取号:I217/52] 在馆    
唐山师范学院图书馆 欢迎您!
大连网信软件有限公司© 版权所有